Welcome to CU Library Online Public Access Catalogue (OPAC)

Mass media/mass culture : (Record no. 9186)

MARC details
000 -LEADER
fixed length control field 00692pam a2200229 a 4500
001 - CONTROL NUMBER
control field 3432161
005 - DATE AND TIME OF LATEST TRANSACTION
control field 20260327184005.0
008 - FIXED-LENGTH DATA ELEMENTS--GENERAL INFORMATION
fixed length control field 910422s1992 nyua b 001 0 eng
020 ## - INTERNATIONAL STANDARD BOOK NUMBER
International Standard Book Number 0070708169
020 ## - INTERNATIONAL STANDARD BOOK NUMBER
International Standard Book Number 9780070708167
050 00 - LIBRARY OF CONGRESS CALL NUMBER
Classification number P90
Item number .W494 1992
082 00 - DEWEY DECIMAL CLASSIFICATION NUMBER
Classification number 302.23
Edition information 20
100 1# - MAIN ENTRY--PERSONAL NAME
Personal name Wilson, Stan Le Roy.
245 10 - TITLE STATEMENT
Title Mass media/mass culture :
Remainder of title an introduction /
Statement of responsibility, etc. Stan Le Roy Wilson.
250 ## - EDITION STATEMENT
Edition statement 2nd ed.
260 ## - PUBLICATION, DISTRIBUTION, ETC.
Place of publication, distribution, etc. New York :
Name of publisher, distributor, etc. McGraw-Hill, Inc.,
Date of publication, distribution, etc. c1992.
300 ## - PHYSICAL DESCRIPTION
Extent xvii, 460 p. :
Other physical details ill. (some col.) ;
Dimensions 24 cm.
440 #0 - SERIES STATEMENT/ADDED ENTRY--TITLE
Title McGraw-Hill series in mass communication
650 #0 - SUBJECT ADDED ENTRY--TOPICAL TERM
Topical term or geographic name entry element Mass media.
650 #0 - SUBJECT ADDED ENTRY--TOPICAL TERM
Topical term or geographic name entry element Communication and culture.
942 ## - ADDED ENTRY ELEMENTS (KOHA)
Source of classification or shelving scheme Library of Congress Classification
Koha item type Books
Edition 2nd Ed.
Suppress in OPAC No
999 ## -
-- 9186
-- 9186
Holdings
Withdrawn status Lost status Source of classification or shelving scheme Damaged status Not for loan Collection Home library Current library Shelving location Date acquired Total checkouts Full call number Barcode Date last seen Copy number Price effective from Koha item type
    Library of Congress Classification     Non-fiction Business Library (Miotso) Business Library (Miotso) General stacks 03/27/2026   P90 .W494 1992 BSSM00003086 03/27/2026 1 03/27/2026 Books
    Library of Congress Classification     Non-fiction Business Library (Miotso) Business Library (Miotso) General stacks 03/27/2026   P90 .W494 1992 BSSM00003087 03/27/2026 2 03/27/2026 Books
© 2023-2024 Copyright: Central University Libraries. All Rights Reserved | Created by: Mahone Tech Office